000 00487nam a2200181Ia 4500
001 11508
005 20260306162833.0
008 260306t2008||||xx |||||||||||||| ||spa||
041 _aESP
082 _a985.063
_bP91
100 _aPuente Candamo, José A. de la (ed.)
_eAUT
245 0 _aEl Perú desde la intimidad:
_bEpistolario de Manuel Candamo (1873-1904)
260 _c2008
300 _a807 páginas :
_c24 cm.
650 _aGEN
654 _aCHU
942 _cLIB
_dJUS
_fJUS
_2ddc
_n
999 _c11508
_d11508